Origen y evolución de los Jesuitas
Uloženo v:
| Hlavní autor: | |
|---|---|
| Médium: | Kniha |
| Jazyk: | španělština |
| Vydáno: |
Madrid
Pegaso
1953
|
| Témata: | |
| Tagy: |
Přidat tag
Žádné tagy, Buďte první, kdo vytvoří štítek k tomuto záznamu!
|
MARC
| LEADER | 00000nam a2200000 a 4500 | ||
|---|---|---|---|
| 001 | UCM9870 | ||
| 003 | CL-VaPUC | ||
| 008 | 030530e19530000SP |||||||||||||||||spa|d | ||
| 082 | 0 | 4 | |a 271.53 |b BRO |2 21 |
| 100 | 0 | |a Brodrick, James |e author |9 476482 | |
| 245 | 1 | 0 | |a Origen y evolución de los Jesuitas |
| 300 | |a v | ||
| 942 | |c BK | ||
| 945 | |d 20030530 00:00:00 |a rbrito | ||
| 260 | |a Madrid |b Pegaso |c 1953 | ||
| 500 | |a v.1: El origen | ||
| 500 | |a v.2: La evolución | ||
| 600 | 0 | 7 | |a JESUITAS |2 CL-VaPUC |9 323765 |
| 650 | 0 | |a Misioneros |9 324171 | |
| 650 | 7 | |a ORDEN RELIGIOSA |2 CL-VaPUC |9 476483 | |
| 650 | 7 | |a MISIONES RELIGIOSAS |2 CL-VaPUC |9 393449 | |
| 583 | |a last modification |c 20030530 00:00:00 |k Rodrigo Vera | ||
| 999 | |c 303952 |d 303950 | ||
| 952 | |0 0 |1 0 |4 0 |6 271_530000000000000_BRO_1953 |7 0 |8 A |9 365629 |a BIBTEO |b BIBTEO |d 2019-11-21 |h v.1 |i 3910806 |o 271.53 BRO 1953 |p 3910806 |r 2025-01-17 |w 2019-11-21 |y BK |k ICR | ||
| 952 | |0 0 |1 0 |4 0 |6 271_530000000000000_BRO_1953 |7 0 |8 A |9 365630 |a BIBTEO |b BIBTEO |d 2019-11-21 |h v.2 |i 3910814 |o 271.53 BRO 1953 |p 3910814 |r 2025-01-17 |w 2019-11-21 |y BK |k ICR | ||
| 952 | |0 0 |1 0 |4 0 |6 271_530000000000000_BRO_1953 |7 0 |8 A |9 365631 |a BIBTEO |b BIBTEO |d 2019-11-21 |h v.1 |i 2091178 |o 271.53 BRO 1953 |p 2091178 |r 2025-01-17 |w 2019-11-21 |y BK |k ICR | ||